| 000 | 00748cam a2200217 i 4500 | ||
|---|---|---|---|
| 999 |
_c7530 _d7530 |
||
| 003 | OSt | ||
| 005 | 20200312080109.0 | ||
| 008 | 140429s2014 enka b 001 0 eng | ||
| 020 | _a9781859465073 (paperback) | ||
| 040 |
_aDLC _beng _erda _cDLC |
||
| 100 | 1 |
_aEdwards, Brian, _d1944- |
|
| 245 | 1 | 0 |
_aRough guide to sustainability : _ba design primer / _cBrian Edwards. |
| 250 | _a4th edition. | ||
| 300 |
_axx, 340 pages : _billustrations, some color ; _c20 cm |
||
| 504 | _aIncludes biblioghraphical references (pages 330-331) and index. | ||
| 650 | 0 | _aSustainable architecture. | |
| 650 | 0 |
_aArchitecture _xEnvironmental aspects. |
|
| 650 | 0 | _aArchitecture and society. | |
| 650 | 0 |
_aSustainable buildings _xDesign and construction. |
|
| 942 | _2ddc | ||